000 00468nam a2200181Ia 4500
001 3011
005 20260306144849.0
008 260306t2002||||xx |||||||||||||| ||spa||
041 _aESP
082 _a241.21
_bS719 2002
100 _aSayés, José Antonio
_eAUT
245 0 _aAntropología y moral:
_bde la nueva moral a la Veritatis Splendor
260 _c2002
300 _a236 páginas :
_c21 cm.
650 _aGEN
654 _aCHU
942 _cLIB
_dJUS
_fJUS
_2ddc
_n
999 _c3011
_d3011